Kúpa, predaj a prenájom nehnuteľností z pohľadu dane z pridanej hodnoty bakalárska práca

Uložené v:
Podrobná bibliografia
Hlavný autor: Drábiková, Soňa
Korporativný autor: Fakulta hospodárskej informatiky EU. Katedra účtovníctva a audítorstva
Ďalší autori: Užík, Ján, 1969-
Médium: Kniha
Jazyk:Slovak
Vydavateľské údaje: Bratislava 2021
Tagy: Pridať tag
Žiadne tagy, Buďte prvý, kto otaguje tento záznam!

MARC

LEADER 00000nbm a2200000 4500
001 0276268
005 20220322141126.3
041 0 |a slo 
044 |a SK 
245 1 0 |a Kúpa, predaj a prenájom nehnuteľností z pohľadu dane z pridanej hodnoty  |b bakalárska práca  |c Soňa Drábiková ; školiteľ: Ján Užík 
264 1 |a Bratislava  |c 2021 
300 |a 40 s. 
100 1 |a Drábiková, Soňa 
700 1 |a Užík, Ján, 1969- 
710 2 |a Fakulta hospodárskej informatiky EU. Katedra účtovníctva a audítorstva